Visualizzazione normale
Vista MARC
- Amici Cantores
di Personal Name
Records bibliografici associati: 1
001 - CONTROL NUMBER
- control field: 31022
003 - CONTROL NUMBER IDENTIFIER
- control field: IT-RoPau
005 - DATE AND TIME OF LATEST TRANSACTION
- control field: 20140621125844.0
008 - FIXED-LENGTH DATA ELEMENTS
- fixed length control field: 140621|| aca||aabn | a|a d
040 ## - CATALOGING SOURCE
- Original cataloging agency: IT-RoPau
- Transcribing agency: IT-RoPau
100 ## - HEADING--PERSONAL NAME
- Personal name: Amici Cantores
670 ## - SOURCE DATA FOUND
- Source citation: Work cat.: (IT-RoPau)100169: Amici Cantores , Verbum caro factum est